000 00223 a2200097 4500
001 13642
100 _aLoewenheim F L
245 _aRoosevelt & Church
260 _aNew York
_bSaturday Review Press
_c
090 _c10636
_d10636
942 _aNUST-CAE
_cM
_c710
999 _c248715
_d248715